[Event "Under 2300 Spring Tournament 1"]
[Site "SchemingMind.com"]
[Date "2017.03.03"]
[Round "-"]
[White "Omahony"]
[Black "The Stonewall"]
[Result "0-1"]
[WhiteCountry "ENG"]
[BlackCountry "ENG"]
[WhiteElo "1720"]
[WhiteRD "115"]
[BlackElo "2291"]
[BlackRD "83"]
[GameID "411156"]

1. d4 e6 2. Nf3 f5 3. g3 Nf6 4. Bg2 Be7 5. e3 O-O 6. O-O d5 7. b3 c6 8. Bb2 b6 9. Nbd2 Bb7 10. Ne5 Nbd7
11. Ndf3 Bd6 12. Qe2 c5 13. a3 Rc8 14. c4 Ne4 15. Rfd1 a5 16. Rac1 Qe7 17. a4 Rfd8 18. Rc2 Ba6 19. Qe1 cxd4 20. Bxd4 Bb4
21. Qe2 Ndc5 22. Bxc5 bxc5 23. Bf1 Nc3 24. Rxc3 Bxc3 25. Qc2 d4 26. Be2 Bb7 27. Bd3 Qf6 28. Qe2 dxe3 29. Qxe3 Be4 30. Kf1 Bxe5
31. Nxe5 Qxe5 32. Be2 Rxd1+ 33. Bxd1 Qd4 34. Ke2 Qxe3+ 35. Kxe3 Kf7 36. f3 Bc6 37. Bc2 Rd8 38. h3 Kf6 39. f4 Rd4 40. g4 Be4
41. Bxe4 Rxe4+
0-1

[Event "Under 2300 Spring Tournament 1"]
[Site "SchemingMind.com"]
[Date "2017.03.08"]
[Round "-"]
[White "The Stonewall"]
[Black "flyinduck"]
[Result "1-0"]
[WhiteCountry "ENG"]
[BlackCountry "CAN"]
[WhiteElo "2309"]
[WhiteRD "83"]
[BlackElo "2006"]
[BlackRD "56"]
[GameID "411209"]

1. Nf3 Nf6 2. d4 e6 3. g3 b6 4. Bg2 Bb7 5. c4 Be7 6. O-O O-O 7. Nc3 Ne4 8. Nxe4 Bxe4 9. Nh4 Bxg2 10. Nxg2 f5
11. e4 fxe4 12. Qg4 Nc6 13. Qxe4 Bf6 14. Be3 Qe7 15. Rad1 Rae8 16. Nf4 Qf7 17. b3 e5 18. dxe5 Rxe5 19. Qd3 d6 20. Nd5 Rfe8
21. Rde1 a5 22. Bd2 Rxe1 23. Rxe1 Rxe1+ 24. Bxe1 Bd4 25. Qe4 Bc5 26. Nxc7 Ne5 27. Qa8+ Qf8 28. Qxf8+ Kxf8 29. Kg2 Kf7 30. Bd2 Nd3
31. f4 Nb4 32. Bxb4 Bxb4 33. Kf3
1-0

[Event "Under 2300 Spring Tournament 1"]
[Site "SchemingMind.com"]
[Date "2017.03.05"]
[Round "-"]
[White "flyinduck"]
[Black "The Stonewall"]
[Result "0-1"]
[WhiteCountry "CAN"]
[BlackCountry "ENG"]
[WhiteElo "2006"]
[WhiteRD "56"]
[BlackElo "2309"]
[BlackRD "83"]
[GameID "411210"]

1. d4 e6 2. e4 d5 3. Nc3 Nf6 4. e5 Nfd7 5. f4 c5 6. Nf3 Nc6 7. Be3 a6 8. Qd2 b5 9. dxc5 Bxc5 10. Bd3 Qb6
11. Bf2 Bb7 12. a3 Rc8 13. O-O Bxf2+ 14. Rxf2 Rd8 15. Re1 h6 16. f5 Nc5 17. fxe6 Nxe6 18. Bf5 O-O 19. Kh1 Nc5 20. Rff1 Ne7
21. Nd4 Ne4 22. Qe3 Nxf5 23. Rxf5 Rfe8 24. Ref1 Rd7 25. Nce2 Rde7 26. Qf4 Qc7 27. e6 fxe6 28. Rf8+ Rxf8 29. Qxf8+ Kh7 30. Nxe6 Rxe6
31. Qf5+ Rg6 32. Nf4 Qb6 33. Nxg6 Qxg6 34. Qd7 Nd6 35. h3 d4 36. Qg4 Qxc2 37. h4 d3
0-1

[Event "Under 2300 Spring Tournament 1"]
[Site "SchemingMind.com"]
[Date "2017.03.06"]
[Round "-"]
[White "smothered mate"]
[Black "flyinduck"]
[Result "1/2-1/2"]
[WhiteCountry "POL"]
[BlackCountry "CAN"]
[WhiteElo "1947"]
[WhiteRD "67"]
[BlackElo "2006"]
[BlackRD "56"]
[GameID "411211"]

1. e4 Nf6 2. Nc3 e5 3. f4 d5 4. fxe5 Nxe4 5. Nf3 Bc5 6. d4 Bb4 7. Bd2 Bg4 8. Nxe4 dxe4 9. Bxb4 exf3 10. Qd2 Nc6
11. Bb5 fxg2 12. Bxc6+ bxc6 13. Qxg2 Qxd4 14. Qxc6+ Kd8 15. Qc5 Qe4+ 16. Kd2 Kc8 17. Rae1 Qf4+ 18. Kc3 Qf3+ 19. Kd2 Qf4+=
1/2-1/2

[Event "Under 2300 Spring Tournament 1"]
[Site "SchemingMind.com"]
[Date "2017.03.05"]
[Round "-"]
[White "flyinduck"]
[Black "smothered mate"]
[Result "0-1"]
[WhiteCountry "CAN"]
[BlackCountry "POL"]
[WhiteElo "2009"]
[WhiteRD "55"]
[BlackElo "1995"]
[BlackRD "66"]
[GameID "411212"]

1. d4 d5 2. Nc3 e5 3. dxe5 d4 4. Ne4 Qd5 5. Ng3 Nc6 6. e4 Qxe5 7. Nf3 Bb4+ 8. Bd2 Qe7 9. Bb5 Bg4 10. O-O Bxf3
11. Bxc6+ bxc6 12. gxf3 Bxd2 13. Qxd2 Rd8 14. Rad1 c5 15. c3 Qf6 16. Qe2 Ne7 17. Qb5+ Qc6 18. a4 h5 19. cxd4 Qxb5 20. axb5 cxd4
21. Ra1 h4 22. Ne2 Rh5 23. Rfd1 Rxb5 24. Rxd4 Rxb2 25. Rxd8+ Kxd8 26. Nd4 c5
0-1

[Event "Under 2300 Spring Tournament 1"]
[Site "SchemingMind.com"]
[Date "2017.03.06"]
[Round "-"]
[White "GBEDARD"]
[Black "flyinduck"]
[Result "1-0"]
[WhiteCountry "USA"]
[BlackCountry "CAN"]
[WhiteElo "2059"]
[WhiteRD "90"]
[BlackElo "2006"]
[BlackRD "56"]
[GameID "411213"]

1. e4 Nf6 2. e5 Nd5 3. d4 d6 4. Nf3 dxe5 5. Nxe5 c6 6. Be2 g6 7. c4 Nc7 8. Nc3 Bg7 9. Be3 O-O 10. O-O c5
11. f4 cxd4 12. Bxd4 Ne6 13. Be3 Nc6 14. Nxc6 bxc6 15. f5 Nd4 16. fxg6 hxg6 17. Bd3 Rb8 18. Qd2 Be6 19. Rad1 c5 20. Bf4 Rb4
21. Rf2 Bg4 22. Re1 e6 23. Ne4 Nf5 24. b3 e5 25. Bg5 f6 26. h3 Bh5 27. Be3 Nxe3 28. Qxe3 f5 29. Nxc5 e4 30. Bxe4 fxe4
31. Ne6 Qd3 32. Qxa7
1-0

[Event "Under 2300 Spring Tournament 1"]
[Site "SchemingMind.com"]
[Date "2017.03.05"]
[Round "-"]
[White "flyinduck"]
[Black "GBEDARD"]
[Result "0-1"]
[WhiteCountry "CAN"]
[BlackCountry "USA"]
[WhiteElo "2009"]
[WhiteRD "55"]
[BlackElo "2056"]
[BlackRD "89"]
[GameID "411214"]

1. d4 Nf6 2. Bg5 Ne4 3. Bf4 c5 4. d5 Qb6 5. Nd2 Nxd2 6. Bxd2 Qxb2 7. e4 b6 8. Bd3 Ba6 9. c4 Qd4 10. Qb1 Bxc4
11. Bxc4 Qxc4 12. Ne2 e6 13. Nc3 Na6 14. Qb5 exd5 15. exd5 Qxb5 16. Nxb5 Be7 17. Bc3 O-O 18. O-O-O c4 19. d6 Bg5+ 20. Kc2 Rfe8
21. Rhe1 Nc5 22. g3 Rxe1 23. Rxe1 Nd3 24. Re4 Nxf2 25. Rxc4 h6 26. h4 Bd8 27. Rf4 Nh3 28. Rg4 f6 29. Ra4 a5 30. Rc4 f5
31. Nd4 g6 32. Nf3 b5 33. Rc5 b4 34. Be5 Nf2 35. h5 g5 36. Nd4 Bb6 37. Rb5 Rc8+ 38. Kd2 Ne4+
0-1

[Event "Under 2300 Spring Tournament 1"]
[Site "SchemingMind.com"]
[Date "2017.03.06"]
[Round "-"]
[White "ray winteringham"]
[Black "flyinduck"]
[Result "0-1"]
[WhiteCountry "ENG"]
[BlackCountry "CAN"]
[WhiteElo "1493"]
[WhiteRD "51"]
[BlackElo "2043"]
[BlackRD "60"]
[GameID "411215"]

1. e4 Nf6 2. Nc3 e5 3. a3 Bc5 4. d3 a6 5. Nf3 d6 6. Be2 Nc6 7. O-O Bg4 8. h3 Bh5 9. g4 Bg6 10. Qe1 h5
11. Nh2 hxg4 12. Bxg4 Nxg4 13. hxg4 Qh4
0-1

[Event "Under 2300 Spring Tournament 1"]
[Site "SchemingMind.com"]
[Date "2017.03.05"]
[Round "-"]
[White "flyinduck"]
[Black "ray winteringham"]
[Result "1-0"]
[WhiteCountry "CAN"]
[BlackCountry "ENG"]
[WhiteElo "2006"]
[WhiteRD "56"]
[BlackElo "1500"]
[BlackRD "51"]
[GameID "411216"]

1. d4 d5 2. Nc3 Nf6 3. Bg5 c6 4. Bxf6 exf6 5. e3 Be6 6. g3 Bb4 7. Ne2 O-O 8. a3 Ba5 9. Bg2 Nd7 10. O-O Bb6
11. Na4 g6 12. b3 Bc7 13. Nb2 Kg7 14. c4 h5 15. Nf4 Bxf4 16. exf4 f5 17. Qc2 a6 18. Rad1 Rc8 19. Rfe1 Qf6 20. h4 Rfd8
21. c5 b5 22. cxb6 Nxb6 23. Nd3 Qe7 24. Nc5 a5 25. Qe2 Re8 26. Qa6 Nd7 27. Rc1 Nb8 28. Qxa5 Nd7 29. Qc3 Ra8 30. a4 Reb8
31. Bf1 Nxc5 32. dxc5+ Kh7 33. Ra1 Qd8 34. b4 Qc8 35. b5 cxb5 36. axb5 Rb7 37. Rxa8 Qxa8 38. c6 Rb6 39. Ra1 Qc8 40. Qc5 Qc7
41. Ra8 Bc8 42. Rxc8 Rxc6 43. Rxc7
1-0

[Event "Under 2300 Spring Tournament 1"]
[Site "SchemingMind.com"]
[Date "2017.03.06"]
[Round "-"]
[White "flyinduck"]
[Black "Serk"]
[Result "0-1"]
[WhiteCountry "CAN"]
[BlackCountry "RUS"]
[WhiteElo "2006"]
[WhiteRD "56"]
[BlackElo "2243"]
[BlackRD "116"]
[GameID "411217"]

1. d4 Nf6 2. Bg5 d5 3. Bxf6 exf6 4. e3 Bd6 5. g3 O-O 6. Bg2 c6 7. Ne2 Nd7 8. O-O Nb6 9. b3 Bf5 10. Nd2 Ba3
11. Rb1 a5 12. e4 dxe4 13. Nxe4 Re8 14. f3 Nd5 15. Qd2 Bg6 16. c4 Bb4 17. Qc1 f5 18. cxd5 fxe4 19. fxe4 Bxe4 20. Nf4 Bxb1
21. Qxb1 c5 22. Qf5 Ra6 23. Be4 g6 24. Nxg6 fxg6 25. Qf7+ Kh8
0-1

[Event "Under 2300 Spring Tournament 1"]
[Site "SchemingMind.com"]
[Date "2017.03.10"]
[Round "-"]
[White "Serk"]
[Black "flyinduck"]
[Result "1-0"]
[WhiteCountry "RUS"]
[BlackCountry "CAN"]
[WhiteElo "2243"]
[WhiteRD "116"]
[BlackElo "2006"]
[BlackRD "56"]
[GameID "411218"]

1. d4 Nf6 2. c4 e6 3. Nf3 b6 4. g3 Bb7 5. Bg2 Be7 6. Nc3 Ne4 7. Bd2 O-O 8. O-O Bf6 9. Rc1 c5 10. d5 exd5
11. cxd5 Nxd2 12. Nxd2 d6 13. Nde4 Be7 14. f4 f5 15. Nd2 Nd7 16. e4 b5 17. Nxb5 fxe4 18. Nxe4 Nb6 19. Nbc3 Bf6 20. Re1 Bd4+
21. Kh1 h6 22. Nb5 Bxb2 23. Nbxd6 Bxd5 24. Rxc5 Bxe4 25. Bxe4 Na4 26. Qxa4 Qxd6 27. Qc4+
1-0

[Event "Under 2300 Spring Tournament 1"]
[Site "SchemingMind.com"]
[Date "2017.03.05"]
[Round "-"]
[White "flyinduck"]
[Black "Omahony"]
[Result "1-0"]
[WhiteCountry "CAN"]
[BlackCountry "ENG"]
[WhiteElo "2009"]
[WhiteRD "55"]
[BlackElo "1749"]
[BlackRD "104"]
[GameID "411219"]

1. d4 d5 2. Nc3 Nf6 3. Bg5 e6 4. e4 dxe4 5. Nxe4 Be7 6. Bxf6 Bxf6 7. Nf3 O-O 8. Qd2 Nd7 9. O-O-O Nb6 10. h4 Bd7
11. Bd3 Bc6 12. c3 a5 13. g4 a4 14. g5 Be7 15. h5 a3 16. b3 f5 17. gxf6 Bxf6 18. Rhg1 Kh8 19. Nfg5 h6 20. Nxe6 Qe7
21. Nxf8 Rxf8 22. Nxf6 Rxf6 23. Rg6 Nd5 24. Rdg1 Rxg6 25. Rxg6 Qf8 26. Bc4 Nf4 27. Rg4 Nd5 28. Bxd5 Bxd5 29. Qf4 Qe7 30. Qe5 Qd7
31. Rf4 b5 32. Rf8+ Kh7 33. Qf5+ Qxf5 34. Rxf5 c6 35. Rf8 g6 36. hxg6+ Kxg6 37. Kd2 h5 38. Ke2 h4 39. Kf1 Kg5 40. Kg1 h3
41. Ra8 Kf4 42. Rxa3 Kf3 43. c4 Be4 44. b4+ Kg4 45. cxb5 cxb5 46. f3+ Bxf3 47. Rxf3 Kxf3 48. d5
1-0

[Event "Under 2300 Spring Tournament 1"]
[Site "SchemingMind.com"]
[Date "2017.03.06"]
[Round "-"]
[White "Omahony"]
[Black "flyinduck"]
[Result "0-1"]
[WhiteCountry "ENG"]
[BlackCountry "CAN"]
[WhiteElo "1720"]
[WhiteRD "115"]
[BlackElo "2064"]
[BlackRD "62"]
[GameID "411220"]

1. d4 Nf6 2. Nf3 e6 3. Bf4 d5 4. e3 c5 5. c3 Nc6 6. Bd3 Bd6 7. Bg3 O-O 8. Ne5 Qc7 9. f4 Ne4 10. Nd2 f5
11. Ndf3 Bd7 12. Qe2 Be8 13. Ng5 Nxg5 14. Nxc6 bxc6 15. fxg5 Bxg3+ 16. hxg3 Qxg3+ 17. Kd2 cxd4 18. cxd4 Qxg5 19. Rh2 Rb8 20. b3 Bg6
21. Rah1 c5 22. dxc5 Rfc8 23. Rc1 Qe7 24. g3 Rxc5 25. Rhh1 Rbc8 26. Rxc5 Qxc5 27. Rb1 Qc3+ 28. Kd1 Bh5
0-1